Towards a culturally aware user interface evaluation instrument for virtual learning platforms : (Record no. 25310)

MARC details
000 -LEADER
fixed length control field 00688nam a22001937a 4500
003 - CONTROL NUMBER IDENTIFIER
control field AUA.1
005 - DATE AND TIME OF LATEST TRANSACTION
control field 20260208115224.0
008 - FIXED-LENGTH DATA ELEMENTS--GENERAL INFORMATION
fixed length control field 260208b |||||||| |||| 00| 0 eng d
040 ## - CATALOGING SOURCE
Transcribing agency JTL
100 ## - MAIN ENTRY--PERSONAL NAME
Personal name Nyanamba, Bernda Nyangweso
245 ## - TITLE STATEMENT
Title Towards a culturally aware user interface evaluation instrument for virtual learning platforms :
Remainder of title a case of moodle in Kenya /
Statement of responsibility, etc Brenda Nyangweso Nyanamba.
260 ## - PUBLICATION, DISTRIBUTION, ETC. (IMPRINT)
Date of publication, distribution, etc c2025.
300 ## - PHYSICAL DESCRIPTION
Extent ix, 99 leaves :
Other physical details illustrations;
Dimensions 30 cm.
650 ## - SUBJECT ADDED ENTRY--TOPICAL TERM
Topical term or geographic name as entry element Human-computer interaction
9 (RLIN) 41827
650 ## - SUBJECT ADDED ENTRY--TOPICAL TERM
Topical term or geographic name as entry element Web-based user interfaces
650 ## - SUBJECT ADDED ENTRY--TOPICAL TERM
Topical term or geographic name as entry element Web-based instruction
General subdivision Kenya
720 ## - ADDED ENTRY--UNCONTROLLED NAME
Name Moodle
942 ## - ADDED ENTRY ELEMENTS (KOHA)
Source of classification or shelving scheme AUA Inhouse Classification
Koha item type Project
Classification part MACS
Item part .N93 2025
Holdings
Withdrawn status Lost status Source of classification or shelving scheme Damaged status Not for loan Collection code Home library Current library Shelving location Date acquired Source of acquisition Cost, normal purchase price Serial Enumeration / chronology Total Checkouts Full call number Barcode Date last seen Cost, replacement price Price effective from Koha item type
    AUA Inhouse Classification     JTL Research Collection Judith Thomas Library Judith Thomas Library Judith Thomas Library Research Section 08/02/2026 School of Postgraduate Studies 25.00 AUA28062   MACS .N93 2025 AUA28062 08/02/2026 25.00 08/02/2026 Project